000 00450nam a2200145Ia 4500
008 100122s9999 xx 000 0 und d
082 _b8587
_a823.08
100 _aरांगणेकर कुमुदिनी
245 _aगोड बंधन
260 _bमहाराष्ट्र ग्रंथ भांडार
_c1941
300 _a90
630 _aगोड बंधन
730 _aगोड बंधन
942 _cBOOK
999 _c400839
_d400836